The residential property focus (Record no. 80764)
[ view plain ]
| 000 -LEADER | |
|---|---|
| fixed length control field | 01189cab a22001935a 4500 |
| 001 - CONTROL NUMBER | |
| control field | L145291 |
| 008 - FIXED-LENGTH DATA ELEMENTS--GENERAL INFORMATION | |
| fixed length control field | 080924s2008 xxkd s 000 0 eng d |
| 035 ## - SYSTEM CONTROL NUMBER | |
| System control number | (Sirsi) u145291 |
| 041 0# - LANGUAGE CODE | |
| Language code of text/sound track or separate title | eng |
| 110 2# - MAIN ENTRY--CORPORATE NAME | |
| Corporate name or jurisdiction name as entry element | Savills Research |
| 9 (RLIN) | 5211 |
| 245 04 - TITLE STATEMENT | |
| Title | The residential property focus |
| Remainder of title | September 2008 |
| Medium | [electronic resource] |
| 260 ## - PUBLICATION, DISTRIBUTION, ETC. | |
| Place of publication, distribution, etc. | London |
| Name of publisher, distributor, etc. | Savills Research |
| Date of publication, distribution, etc. | 2008 |
| 520 ## - SUMMARY, ETC. | |
| Summary, etc. | Provides coverage of all the key housing market indicators and looks at the continued effects of the market downturn for the residential property market. Findings include predictions that housing market recovery will be led by London and the South East, with a return to pre-slump values by 2012; suggestions that the housing market will bottom out when the costs of renting and buying are realigned and indications that government housing targets for completion by 2020 look to be threatened by the current period of recession. |
| 590 ## - LOCAL NOTE (RLIN) | |
| Local note | KA |
| 651 #4 - SUBJECT ADDED ENTRY--GEOGRAPHIC NAME | |
| Geographic name | United Kingdom |
| 690 ## - LOCAL SUBJECT ADDED ENTRY--TOPICAL TERM (OCLC, RLIN) | |
| Topical term or geographic name as entry element | PROPERTY-RESIDENTIAL PROPERTY-RESIDENTIAL PROPERTY MARKET |
| 856 40 - ELECTRONIC LOCATION AND ACCESS | |
| Uniform Resource Identifier | <a href="https://www.spelthorne.gov.uk/616_residential_property_focus_-_savills.pdf">https://www.spelthorne.gov.uk/616_residential_property_focus_-_savills.pdf</a> |
| Public note | View the item free of charge at www.savills.co.uk... |
| 942 ## - ADDED ENTRY ELEMENTS (KOHA) | |
| Suppress in OPAC | 0 |
| Source of classification or shelving scheme | Dewey Decimal Classification |
| Withdrawn status | Lost status | Source of classification or shelving scheme | Damaged status | Not for loan | Home library | Current library | Shelving location | Date acquired | Total Checkouts | Full call number | Barcode | Date last seen | Copy number | Price effective from | Koha item type |
|---|---|---|---|---|---|---|---|---|---|---|---|---|---|---|---|
| Dewey Decimal Classification | Virtual | Virtual | Online | 24/09/2008 | ONLINE PUBLICATION | 145291-2001 | 06/08/2019 | 1 | 06/08/2019 | Book |